00848cam a22002531 450000100060000000300080000600500170001400800410003103500190007203500190009104000220011004100080013208200240014010000260016424501390019025000270032926000390035630000390039550000200043465000480045465000250050270000380052770000290056517716BD-RjUL20211209000200.0140217b1949 xxu||||| |||| 00| 0 eng d a(BD-RjUL)17774 a(OCoLC)1394786 aDLCcFOdDLCbeng aeng a810.9bBLL 19492191 aBlair, Walter,d1900-14aThe literature of the United States :ban anthology and a history /c[ed. by] Walter Blair, Theodore Hornberger [and] Randall Stewart. aSingle Vollume edition aChicago :bScott, Foresman,c1949. axviii, 1313 p. :billus. ;c26 cm. aIncludes music. 0aAmerican literaturexHistory and criticism. 0aAmerican literature.1 aHornberger, Theodore,d1906-1975,1 aStewart, Randall,d1896-